MARC

LEADER 00000nam0a2200000 4500
001 309064
005 20231102002143.0
035 |a (RuTPU)RU\TPU\book\334386 
090 |a 309064 
100 |a 20151110d1981 km y0rusy50 ca 
101 0 |a rus 
102 |a RU 
105 |a y z 001zy 
200 1 |a Эвристическое программирование учебно-исследовательской деятельности  |f В. И. Андреев 
210 |a Москва  |c Высшая школа  |d 1981 
215 |a 240 с. 
320 |a Библиогр.: с. 233-238 
606 1 |a Программированное обучение  |x В высшей школе  |2 stltpush  |3 (RuTPU)RU\TPU\subj\51797  |9 70360 
610 1 |a учебно-исследовательская деятельность 
610 1 |a эвристическое программирование 
610 1 |a дидактические основы 
610 1 |a эвристика 
610 1 |a эвристика педагогическая 
610 1 |a дидактические эксперименты 
610 1 |a обобщение результатов 
610 1 |a преподавание 
610 1 |a оптимизация 
610 1 |a технические средства 
610 1 |a дидактические средства 
686 |a Ч481.23  |v LBC/SL-A  |2 rubbk 
700 1 |a Андреев  |b В. И.  |g Валентин Иванович 
801 1 |a RU  |b 63413507  |c 20151110 
801 2 |a RU  |b 63413507  |c 20191018  |g RCR 
942 |c BK